Statistics for 都道府県別 「市」の人口ランキングWorst5

Click here to take the quiz!

General Stats

  • This quiz has been taken 49 times
  • The average score is 143 of 234

Answer Stats

北海道% Correct
夕張市6,286
97%
歌志内市2,633
87%
五所川原市48,938
84%
鳥取市184,132
79%
米子市145,121
79%
境港市31,770
79%
赤平市8,785
76%
倉吉市44,480
76%
武蔵村山市69,823
76%
陸前高田市17,288
76%
二戸市23,998
76%
尾鷲市14,955
76%
輪島市22,101
76%
三浦市40,306
76%
新宮市25,700
74%
京丹後市48,254
74%
国東市24,827
74%
珠洲市11,817
74%
鳥羽市16,402
74%
つがる市29,036
74%
三笠市7,368
74%
白石市31,004
74%
芦別市11,380
74%
下田市19,002
71%
鹿島市26,832
71%
羽村市53,984
71%
釜石市30,066
71%
豊後高田市21,655
71%
熱海市32,165
71%
敦賀市62,252
71%
阿蘇市23,978
71%
室戸市10,765
71%
黒石市30,442
71%
福生市55,922
68%
逗子市56,019
68%
三沢市37,737
68%
相生市27,031
68%
阪南市48,906
68%
志摩市42,873
68%
黒部市38,585
68%
氷見市41,282
68%
飛騨市21,255
68%
羽咋市19,274
68%
大田市31,220
68%
七尾市47,444
68%
小浜市28,030
68%
八幡平市22,701
68%
にかほ市22,068
68%
米原市36,072
68%
かほく市35,216
68%
熊野市14,901
68%
男鹿市22,971
68%
枕崎市18,842
68%
土佐清水市11,397
68%
相馬市33,391
68%
名護市64,457
66%
大野市29,453
66%
潮来市26,488
66%
対馬市26,654
66%
二本松市51,320
66%
勝山市21,033
66%
あわら市26,450
66%
南陽市29,135
66%
大月市21,063
66%
那須烏山市23,361
66%
宮津市15,663
66%
栗東市69,070
66%
高島市44,528
66%
日南市47,949
66%
遠野市23,888
66%
伊豆市26,719
66%
滑川市31,953
66%
壱岐市23,371
66%
魚沼市32,516
66%
安芸市15,308
66%
平川市29,548
66%
南足柄市39,817
66%
観音寺市55,362
66%
萩市41,893
66%
勝浦市15,761
66%
秩父市56,810
66%
養父市20,821
66%
石垣市48,047
63%
都留市30,101
63%
宮古島市53,056
63%
江津市21,658
63%
湖南市53,818
63%
益田市43,052
63%
藤岡市61,235
63%
三好市21,701
63%
飯山市18,406
63%
岩沼市43,544
63%
南丹市30,638
63%
さぬき市44,803
63%
東松島市37,966
63%
水俣市21,945
63%
宿毛市17,987
63%
魚津市38,580
63%
小矢部市27,851
63%
串間市15,659
61%
東かがわ市26,564
61%
大阪狭山市57,715
61%
津久見市14,706
61%
向日市56,049
61%
安来市35,139
61%
新見市26,266
61%
嬉野市24,894
61%
江田島市20,465
61%
綾部市30,568
61%
牧之原市41,833
61%
上山市27,666
61%
清瀬市75,964
61%
南房総市33,640
61%
鴨川市30,760
61%
安中市52,829
61%
沼田市43,109
61%
大田原市70,471
61%
角田市26,643
61%
甲州市28,026
61%
大町市24,926
61%
本宮市29,930
61%
喜多方市42,474
61%
御前崎市29,652
61%
仙北市22,780
61%
村山市21,062
61%
鹿角市27,007
61%
下呂市28,584
61%
尾花沢市13,611
61%
長井市25,276
58%
雲南市33,953
58%
北秋田市27,917
58%
白岡市52,454
58%
西之表市14,053
58%
みどり市48,403
58%
西予市33,342
58%
富岡市45,575
58%
杵築市26,347
58%
東温市33,597
58%
さくら市44,126
58%
平戸市27,587
58%
えびの市16,423
58%
伊勢原市101,446
58%
人吉市29,777
58%
海南市45,974
58%
長門市30,422
58%
泉南市57,919
58%
妙高市28,779
58%
美濃市18,350
58%
上野原市21,700
58%
胎内市27,350
58%
宇陀市26,213
58%
駒ヶ根市31,470
58%
五條市25,983
58%
野洲市50,205
58%
大洲市38,418
55%
伊予市34,178
55%
田村市33,069
55%
八幡浜市30,033
55%
下野市59,174
55%
坂出市48,789
55%
善通寺市30,448
55%
有田市25,022
55%
須崎市19,362
55%
小千谷市32,700
55%
矢板市29,979
55%
小松島市34,564
55%
大川市31,220
55%
多久市17,473
55%
稲敷市36,900
55%
桜川市36,794
55%
宇土市35,603
55%
松浦市20,126
55%
高萩市26,211
55%
韮崎市28,288
55%
上天草市22,701
55%
小諸市40,596
55%
吉野川市36,823
55%
阿波市32,923
55%
日高市53,631
55%
匝瑳市33,284
55%
いすみ市33,741
55%
阿久根市17,961
55%
国立市76,619
55%
羽生市52,335
55%
小林市41,957
55%
安芸高田市25,101
55%
美祢市21,409
55%
柳井市29,305
55%
いなべ市44,321
55%
光市48,261
55%
桜井市53,490
55%
南城市45,608
55%
西海市24,700
53%
綾瀬市82,929
53%
行方市30,501
53%
岩出市54,041
53%
小城市43,189
53%
御所市22,689
53%
豊前市23,311
53%
竹田市18,845
53%
宮若市25,361
53%
東御市29,407
53%
垂水市12,749
53%
西都市27,438
53%
庄原市31,490
53%
山県市24,030
53%
美馬市26,445
53%
御坊市22,329
53%
弥富市42,405
50%
伊佐市22,701
50%
海津市31,303
50%
糸満市61,257
50%
塩竈市50,736
50%
神埼市30,173
50%
大竹市25,481
50%
美作市24,537
50%
宍粟市32,682
50%
高梁市26,619
50%
備前市30,242
50%
竹原市22,526
50%
浅口市31,765
50%
新城市42,232
50%
加茂市23,852
50%
うきは市26,875
50%
幸手市48,860
47%
朝来市27,474
47%
田原市57,251
47%
岩倉市47,745
47%
高石市54,582
47%
葛城市37,259
47%
嘉麻市33,460
45%
高浜市46,187
45%
西脇市36,970
45%
四條畷市54,085
45%

Score Distribution

Percentile by Number Answered

Percent of People with Each Score

Your Score History

You have not taken this quiz